000
00272nam a22001097a 4500
082
_a
004.25 GRU'P
100
_a
GRUENBERGER, FRED,JAFFRAY, GEORGE
_9
80321
245
_a
PROBLEMS FOR COMPUTER SOLUTION
260
_a
NEWYORK
_b
JOHN WILEY
_c
1966
300
_a
401P
942
_c
BK
999
_c
585273
_d
585273